| 000 | 00842cab a2200253 4500 | ||
|---|---|---|---|
| 001 | ABS47399 | ||
| 008 | 090401t1992 xxu||||| |||| 00| 0 eng d | ||
| 035 | _a(Sirsi) u61819 | ||
| 041 | _aeng | ||
| 100 | _aMacneil, J. | ||
| 245 | _aFloor flaws | ||
| 260 | _c1992 | ||
| 350 | _a0 | ||
| 490 |
_aBuilding _v257(7769) 6 November 1992, 54-55(2) |
||
| 520 | _aThis Defects File advises on ways to rectify and avoid the problems of precast terrazzo floor tiling. | ||
| 650 | _aBS 4131 | ||
| 650 | _aCRACKING | ||
| 650 | _aBUILT ENVIRONMENT-BUILDING ELEMENTS-PARTS OF BUILDING ELEMENTS-INTERNAL FINISHES-FLOOR FINISHES | ||
| 650 | _aBUILT ENVIRONMENT-BUILDING ELEMENTS-COMPLETE BUILDING ELEMENTS-FLOORS | ||
| 650 | _aTERRAZZO TILING | ||
| 690 | _aBUILDING AND CONSTRUCTION-DEFECTS AND FAILURES | ||
| 942 | _n0 | ||
| 948 | _c04/03/1997 | ||
| 999 |
_c38337 _d38337 |
||